| 000 | 00747nam a2200253 a 4500 | ||
|---|---|---|---|
| 001 | 72343 | ||
| 003 | BD-RjUL | ||
| 005 | 20211209082241.0 | ||
| 008 | 170516s1969 enkabd 001 0 eng d | ||
| 020 | _a0471831662 | ||
| 035 | _a(BD-RjUL)72560 | ||
| 040 |
_aBD-RjUL _beng _cBD-RjUL _dBD-RjUL |
||
| 041 | _aeng | ||
| 082 |
_a910.02 _223 _bSTE 1969 |
||
| 100 | 1 |
_aStrahler, Arthur Newell _d1918- _9208779 |
|
| 245 | 1 | 0 |
_aExercises in physical geography / _cArthur N. Strahler and Alan H. Strahler |
| 250 | _a3rd ed. | ||
| 260 |
_aNew York ; _aChichester : _bWiley, _cc1969 |
||
| 300 |
_av, 320 p : _bill. ; _c28 cm |
||
| 500 | _aIncludes index. | ||
| 650 | 0 |
_aPhysical geography _9213947 |
|
| 700 | 1 |
_aStrahler, Alan H. _9213948 |
|
| 942 |
_2ddc _cBK |
||
| 999 |
_c72343 _d72343 |
||